000 00401nam a22001577a 4500
020 _a97881902611250
082 _a294.592 1
_bSAT/B
245 _aBhavarthprakasha/
_cby Satyanandavedavageesh (tr.)
260 _aDelhi:
_bSatyam Books,
_c2006.
300 _a1072p.
650 _aVedic Literature
650 _aHinduism
650 _aReligion
700 _aSatyanandavedavageesh (tr.)
942 _cBK
999 _c146145
_d146145